| 000 | 01084nam a22002657a 4500 | ||
|---|---|---|---|
| 999 |
_c19253 _d19253 |
||
| 003 | AR-CdUCM | ||
| 008 | 190517b ||||| |||| 00| 0 spa d | ||
| 040 |
_aMUNICIPALIDAD PROVINCIAL DEL CUSCO _cBIBLIOTECA MUNICIPAL DEL CUSCO |
||
| 082 |
_a509.01 / _bS23 |
||
| 100 |
_aSarton, George, _936676 |
||
| 245 |
_aHistoria de la ciencia : _b la ciencia antigua durante la Edad de Oro griega / |
||
| 260 |
_aBuenos Aires : _bEUDEBA, _c1970. |
||
| 300 |
_a576 paginas ; _c23 cm. |
||
| 440 |
_aBiblioteca el hombre y su sombra _940483 |
||
| 500 | _aTitulo original . A history of Science | ||
| 505 | _aContenido : Los dos siglos anteriores a cristo -- La religión en los dos últimos siglos -- La filosofía en los dos últimos siglos : Posidonio, Ciceron y Lucrecio -- La matemática en los dos últimos siglos ... | ||
| 650 |
_aCiencia antigua. _936678 |
||
| 650 |
_aHistoria. _9136 |
||
| 650 |
_aGrecia _92521 |
||
| 650 |
_aCiencia _92098 |
||
| 650 |
_aAstronomia _920961 |
||
| 700 |
_aBabini, José (Traducción) _936679 |
||
| 942 |
_2ddc _cLIBROS |
||
| 945 |
_awnts _d2019-05-17 |
||